Tratado de Libre Comercio Centroamérica-Estados Unidos: proceso y resultados /

Đã lưu trong:
Chi tiết về thư mục
Tác giả chính: Weisleder, Saúl
Tác giả của công ty: Universidad Estatal a Distancia
Tác giả khác: ed.
Định dạng: Texto
Được phát hành: San José: EUNED. BCIE
Những chủ đề:
Các nhãn: Thêm thẻ
Không có thẻ, Là người đầu tiên thẻ bản ghi này!

MARC

LEADER 00000 a a2200000 04500
001 30451
003
040
020 |a 9968-31-351-3  
090 |a 195006  
100 |a Weisleder, Saúl  
110 |a Universidad Estatal a Distancia  
245 |a Tratado de Libre Comercio Centroamérica-Estados Unidos: proceso y resultados /  |c Saúl Weisleder 
260 |a San José:   |b EUNED. BCIE  
300 |a 332 p.  
650 |a INDUSTRIA LECHERA  
650 |a PRODUCTOS LACTEOS  
650 |a LECHE  
650 |a QUESO  
650 |a PRECIOS AL CONSUMIDOR  
650 |a EXPORTACIONES  
650 |a IMPORTACIONES  
650 |a ARANCELES  
650 |a COMERCIO INTERNACIONAL  
650 |a PRODUCCION  
650 |a SUBSIDIOS  
650 |a TLC  
650 |a GANADO  
650 |a COMERCIALIZACION  
650 |a LECHE  
700 |a ed.  
999 |c 13008  |d 13008